000 00305nam a22001217a 4500
008 160512b xxu||||| |||| 00| 0 eng d
020 _a9780683307467
020 _a0683307460
041 _aeng
080 _a616.12
245 _aPractical electical electrocardiography:
_cGalen S. Wagner;
942 _2udc
_cBK
999 _c2098
_d2098